LEADER 01198nam a2200289 u 4500 001 000000058251 003 CaOOAMICUS 005 20070226120654.0 008 010530s1983 it u000 u ita u 020 $a8870180247 035 $a10890874 040 $aPUL(R)$bita 100 1 $aAngelino, Carlo.$0(OLS)http://pul/name/38744 245 10$aReligione e filosofia :$btemi e problemi di filosofia della religione /$cCarlo Angelino. 260 $aGenova :$bIl Melangolo,$cstampa 1983. 300 $a189 p. ;$c21 cm 490 1 $aUniversitą.$aSeries philosophica ;$v7 500 $aContiene indice. 650 4$aReligione e filosofia.$0(OLS)http://pul/subject/22992 830 0$aUniversitą.$pSeries philosophica ;$v7.$0(OLS)http://pul/title/78019 850 $aPUL 852 $aPUL$W1$xSL Religione 1$y3$m58 C 43$j76111$n $b $qStampati$B76111$CPULBib$Z2$F76111 $H $81 941 1 $a8 961 $aINV: 51105 996 $6020$a8870180247$9(OLS)http://pul/number/73791 996 $6245$aReligione e filosofia :$btemi e problemi di filosofia della religione$9(OLS)http://pul/title/78018 996 $6260$aGenova :$bIl Melangolo$9(OLS)http://pul/publisher/48888 LEADER 01438nam a2200313 a 4500 001 000000132209 003 CaOOAMICUS 005 20121214180617.0 008 121214s2011 it 001 udeng r 020 $a978-88-7839-207-6 040 $aPUL$bita 100 1 $aAuletta, Gen.,$csacerdote,$d1912-1981.$0(OLS)http://pul/name/4933 245 10$aIntegrated cognitive strategies in a changing world /$cGennaro Auletta ; in collaboration with I. Colagč, P. D'Ambrosio, L. Torcal. 260 $aRoma :$bGregorian & Biblical Press,$c©2011. 300 $a271 p. ;$c23 cm. 490 1 $aAnalecta Gregoriana ;$v315 504 $aBibliografia p. 235-261. 650 4$aFilosofia e religione.$0(OLS)http://pul/subject/2646 700 1 $aColagč, Ivan,$d1979-$0(OLS)http://pul/name/80200 700 1 $aD'Ambrosio, Paolo.$0(OLS)http://pul/name/85148 700 1 $aTorcal, Lluc.$0(OLS)http://pul/name/85149 830 0$aAnalecta Gregoriana ;$v315.$0(OLS)http://pul/title/183 850 $aPUL 852 $aPUL$W1$xSL Religione 2$y84$mTheol A1 315$j152158$qStampati Altre Collocazioni$B151497$CPULBib$Z2$F151497 $H121329 $82 941 1 $a10 996 $6020$a978-88-7839-207-6$9(OLS)http://pul/number/151392 996 $6245$aIntegrated cognitive strategies in a changing world$9(OLS)http://pul/title/167021 996 $6260$aRoma :$bGregorian & Biblical Press$9(OLS)http://pul/publisher/81048